• 首页
  • 本馆介绍
  • 公告通知
  • 最新文献
  • 馆藏检索
  • 电子资源
  • 读者导购
  • 参考咨询
  • 我的图书馆
  • 登录
  • 详细信息显示
  • 放入我的书架
  • 预约/预借图书
  • 作者相关作品
  • 分类相关作品
  • 丛书相关作品
  • 出版社相关作品

书目信息

  • 表格格式
  • 工作单格式
  • 卡片格式
题名:
艺术与现实的审美关系
    
 
作者: Черныщевский , 车尔尼雪夫斯基 著 ;周扬 译
分册:  
出版信息: 北京   人民文学出版社  1979
页数: 134页
开本: 20cm
丛书名:
单 册:
中图分类: J01
科图分类:
主题词: 艺术美学
电子资源:
ISBN:
000 00769nam2 2200253 45
001 0179004814
005 20060803103847.00
010    @dCNY0.47
091    @aCN@b10019.572
100    @a19950724d1979 em y0chiy0121 ea
101 1  @achi@crus
102    @aCN@b110000
105    @ay z 000yy
200 10 @a艺术与现实的审美关系@Ayi shu yu xian shi de shen mei guan xi@f(俄)车尔尼雪夫斯基(Н.Г.Черныщевский)著@g周扬译
205    @a2版
210    @a北京@c人民文学出版社@d1979
215    @a134页@d20cm
606    @a艺术美学
690    @aJ01@v3
701 A1 @aЧерныщевский@bН.Г.@4著
701  1 @a车尔尼雪夫斯基@Ache er ni xue fu si ji@bН.Г.@4著
702  0 @a周扬@Azhou yang@4译
801  0 @aCN@bTSSF@c20060803
905    @a10447@dJ01@e147
    
    艺术与现实的审美关系/(俄)车尔尼雪夫斯基(Н.Г.Черныщевский)著/周扬译.-2版.-北京:人民文学出版社,1979
    134页;20cm
    
    
    ISBN :CNY0.47
    
●
相关链接 在E读中查询图书 在五车中查询图书 在当当中查询图书 在豆瓣中查询图书


正题名:艺术与现实的审美关系     索取号:J01/147         预约/预借

序号 登录号 条形码 馆藏地/架位号 状态 备注
1 0444420   204444208   密集书库/ [索取号:J01/147] 在馆    
2 0444421   204444217   密集书库/ [索取号:J01/147] 在馆    
3 0466838   204668387   密集书库/ [索取号:J01/147] 在馆    
唐山师范学院图书馆 欢迎您!
大连网信软件有限公司© 版权所有